| 000 | 00888nam a2200253Ia 4500 | ||
|---|---|---|---|
| 003 | OSt | ||
| 005 | 20220918170951.0 | ||
| 006 | a|||||r|||| 00| 0 | ||
| 007 | ta | ||
| 008 | 220917b |||||||| |||| 00| 0 eng d | ||
| 020 |
_a9781107134850 (hbk) _cUKP 64.99 |
||
| 024 | _a318,560 | ||
| 037 |
_b109853, 06/03/2017, International Book Distributors _cTextual |
||
| 040 |
_aARTS _cARTS _beng |
||
| 041 |
_2eng _aeng |
||
| 082 | _aR4xC67:g, Q5 | ||
| 100 |
_aCelano Anthony Au. _932723 |
||
| 245 | 0 |
_aAristotle's ethics and medieval philosophy _b moral goodness and practical philosophy |
|
| 260 |
_aCambridge _bCambridge University Press UK _c2015 |
||
| 300 |
_aix,263p. _ccm. |
||
| 650 |
_aARISTOTLE; ETHICS; PHILOSOPHERS _932724 |
||
| 942 |
_hR4xC67:g, Q5 _cTEXL _2CC |
||
| 999 |
_c136995 _d136995 |
||